Unklare Flurnamen deutschen Ursprungs in Böhmen

Titel: Unklare Flurnamen deutschen Ursprungs in Böhmen
Verfasser:
In: Onomastica Slavogermanica, Band 21 (1994), Seite 115-121
alle Artikel anzeigen
Veröffentlicht: 1994
Format: Aufsatz
Sprache: Deutsch
Kein Bild verfügbar
X
alg: 39152334
001A    $01999:11-11-16 
001B    $01999:15-05-21 $t20:55:29.000 
001C    $06050:19-11-16 $t08:51:22.000 
001D    $01999:11-11-16 
001U    $0utf8 
001X    $00 
002@    $0Aox 
003@    $0391523341 
007A    $0391523341 $aHEB 
007T    $0Herd53432 
010@    $ager 
011@    $a1994 
021A    $aUnklare Flurnamen deutschen Ursprungs in Böhmen 
028A    $aMatúšová $dJana 
031A    $d21 $h115-121 $j1994 
039B    $aIn $8--Abvc--. Onomastica Slavogermanica. - Stuttgart ; Leipzig : Hirzel, 1965-. - ISSN 0474-1471 $x199400000210000885 $9047296038 
045F    $a417.7094371 $eDDC23BSB 
045F/01 $a417.7 
045F/03 $g4371 
045T    $a7,11 $a7,39 
045T    $aLING $qDE-30 $2FID 
045T    $aGER $qDE-30 $2FID 

lok: 39152334 78

exp: 39152334 78 1 #EPN
201B/01 $017-04-19 $t22:54:46.000 
201U/01 $0utf8 
203@/01 $0787617490 
208@/01 $a11-11-16 $be 
209A/01 $a/ $f000 $x00 
220C/01 $aTitelaufnehmer: as 
244Z/01 $#Tschechien $#Tschechische Republik $#Tschechische Republik $#Tschechenland $#Tschechei Tschechien $#Česká Republika $#Czech Republic $#ČR $74303381-7 $8--Tg1--Tschechien $x01 $9086659812 
244Z/01 $2Trx $#Böhmen $#Bohemia $#Czechy $8--Trx--Čechy $x02 $9391188941 
244Z/01 $#Böhmen, Süd $#Südliches Böhmen $#Südböhmisches Gebiet $#Südböhmischer Bezirk $#Bezirk Südböhmen $#Südböhmen Kraj $#Bezirk Budweis $#Budweiser Gebiet $#Budweis Kraj $#Budějovice kraj $#Jihočeský kraj $74078019-3 $8--Tg1--Südböhmen $x03 $9085221066 
244Z/01 $2Trx $#nimeteadus väljad $#onomastika laukai $#onomatology fields/small administrative areas $#névtan mezök $#onomastyka, grunty $#toponomastika $#toponomastika jména pomístní $8--Trx--Namenkunde$gFluren $x04 $9391383469 
244Z/01 $2Trx $8--Trx--Zeitschriftenaufsatz $x05 $9391384341 
245Z/01 $a11.07 $x01 
247C/01 $82080>Marburg/Lahn, Herder-Institut, Forschungsbibliothek, Bibliographieportal $9336309341
LEADER 00000caa a22000002c 4500
001 391523341
003 DE-603
005 20210515205529.0
007 tu
008 161111s1994 xx |||| | u00||u|ger c
035 |a (DE-599)HEB391523341 
040 |a DE-603  |b ger  |c DE-603  |d DE-603 
041 |a ger 
082 0 4 |8 1\u  |a 417.7094371  |q DE-101  |2 23/BSB 
084 |a 7,11  |a 7,39  |2 ssgn 
084 |a LING  |q DE-30  |2 fid 
084 |a GER  |q DE-30  |2 fid 
085 |8 1\u  |b 417.7 
085 |8 1\u  |z 2  |s 4371 
100 1 |a Matúšová, Jana 
245 0 0 |a Unklare Flurnamen deutschen Ursprungs in Böhmen 
264 0 |c 1994 
773 0 8 |i In  |t Onomastica Slavogermanica  |d Stuttgart ; Leipzig : Hirzel, 1965-  |h 24 cm  |x 0474-1471  |g Band 21 (1994), Seite 115-121  |w (DE-603)047296038  |w (DE-600)207370-5 
924 0 |9 2080  |a (DE-603)787617490  |b DE-2080  |c HES  |d d  |g /